000 00389nam a2200157 4500
999 _c509653
_d509653
008 190517b ||||| |||| 00| 0 eng d
100 _aSagar, Rajesh
_95754
245 _aEffects of Child Sexual Abuse (CSA)
260 _c2018
300 _ap.38-43.
650 _aChild
_94009
700 _aSatpathy, Sujata
_95755
773 _aDialogue
906 _aSexual abuse
942 _2ddc
_cAR